[Event "Frankfurt Ch 2005"]
[Site "Ffm-Kalbach, LAZ"]
[Date "2005.06.06"]
[Round "6"]
[White "Pomeranets, Igor"]
[Black "Plötz, Hans-Jürgen"]
[Result "0-1"]
[WhiteElo "1459"]
[BlackElo "1266"]
[PlyCount "90"]
[EventDate "2005.??.??"]

1. d4 Nf6 2. c4 g6 3. Nc3 Bg7 4. Nf3 d6 5. e4 O-O 6. h3 Nbd7 7. Bd3 e5 8. d5
Nc5 9. Bc2 Na6 10. a3 c5 11. O-O Ne8 12. Be3 f5 13. Bg5 Qc7 14. Nb5 Qf7 15.
exf5 Bxf5 16. Bxf5 Qxf5 17. Bc1 Nac7 18. a4 a6 19. Nc3 Rb8 20. Be3 b5 21. axb5
axb5 22. b3 e4 23. Nh4 Qf6 24. Nxe4 Qxh4 25. f3 Bxa1 26. Qxa1 Qe7 27. Qa7 Ra8
28. Qb7 bxc4 29. bxc4 Qe5 30. Qb1 Nf6 31. Bh6 Rfb8 32. Nxf6+ Qxf6 33. Qe4 Re8
34. Qg4 Qd4+ 35. Kh2 Qxg4 36. hxg4 Ra2 37. Kh3 Rc2 38. f4 Rxc4 39. f5 Nxd5 40.
fxg6 hxg6 41. Rd1 Rd4 42. Ra1 Nf6 43. Ra7 Nxg4 44. Rg7+ Kh8 45. Rxg6 Kh7 0-1

[Event "Frankfurt Ch 2005"]
[Site "Ffm-Kalbach, LAZ"]
[Date "2005.06.06"]
[Round "6"]
[White "Adair, Monte"]
[Black "Ortiz-Rodriguez, Jose"]
[Result "0-1"]
[WhiteElo "1424"]
[BlackElo "1260"]
[PlyCount "68"]
[EventDate "2005.??.??"]

1. e4 d6 2. Nf3 Nf6 3. Nc3 c6 4. d4 Qa5 5. Be2 Nxe4 6. Bd2 Nxd2 7. Qxd2 Nd7 8.
O-O e5 9. Rfe1 Be7 10. Qd3 O-O 11. Ne4 f5 12. Ng3 e4 13. Nxe4 fxe4 14. Qxe4 Bf6
15. Bd3 Qh5 16. Qe6+ Qf7 17. Qxd6 Kh8 18. b3 Nb6 19. c4 Bg4 20. Ne5 Bxe5 21.
Qxe5 Qxf2+ 22. Kh1 Nd7 23. Qg5 Nf6 24. Re7 Rg8 25. Rf1 Qxd4 26. Qd2 Rad8 27.
Re3 Bh5 28. Rfe1 Bg6 29. Qe2 Bxd3 30. Qf2 Ng4 31. Qg3 Nxe3 32. Rxe3 Rde8 33.
Rxe8 Rxe8 34. h3 h6 0-1

[Event "Frankfurt Ch 2005"]
[Site "Ffm-Kalbach, LAZ"]
[Date "2005.06.06"]
[Round "6"]
[White "Krpan, Alojz"]
[Black "Schönmann, Bernd"]
[Result "1-0"]
[WhiteElo "1417"]
[BlackElo "1230"]
[PlyCount "99"]
[EventDate "2005.??.??"]

1. e4 e5 2. Bc4 Nf6 3. Nc3 Bc5 4. d3 d6 5. h3 O-O 6. Nf3 Bd7 7. Bg5 Bb4 8. Qd2
a5 9. a3 Bxc3 10. Qxc3 b5 11. Ba2 Nc6 12. O-O b4 13. Qd2 Qe7 14. Bd5 Rab8 15.
a4 Nd8 16. Qe3 Ne6 17. Bxe6 Bxe6 18. b3 c5 19. h4 h6 20. Bxf6 Qxf6 21. g3 d5
22. exd5 Bxd5 23. Nd2 Rbc8 24. Ne4 Qe6 25. Kh2 Qf5 26. Nd6 Qf3 27. Qxf3 Bxf3
28. Nxc8 Rxc8 29. Rfe1 f6 30. Re3 Ba8 31. Kh3 Bc6 32. Rf1 Kf7 33. f4 e4 34.
dxe4 Re8 35. e5 f5 36. Rd1 Re6 37. Rd6 Be4 38. Rxe6 Kxe6 39. Re2 Bf3 40. Rd2
Bd5 41. g4 fxg4+ 42. Kxg4 g6 43. Rh2 Be4 44. h5 Bf5+ 45. Kh4 Kf7 46. hxg6+ Bxg6
47. Rd2 Be4 48. Kh5 Ke6 49. Rd6+ Kf5 50. Rf6# 1-0